Представление документа в формате RUSMARC

ПолеНазваниеЗначение
  Тип записи a
  Библиографический уровень a
001 Контрольный номер RU/CBS_UL/BASE/ce24c842d3a44ebcbc393e1ac8fc3544
005 Дата корректировки 20240804150003.5
100 Данные общей обработки __
a Данные общей обработки 20240804 ||| 0rusy0189 ca
101 Язык документа 0_
a Язык текста rus
102 Страна публикации __
a Страна публикации RU
200 Заглавие и сведения об ответственности 1_
a Заглавие Отнюдь не роза
e Сведения, относящиеся к заглавию [статья]
f Первые сведения об ответственности Н. Новикова
300 Общие примечания __
a Общие примечания 16+
461 Уровень набора _0
1 2000
a Будь здоров! 100 страниц о самом главном
463 Уровень физической единицы _0
1 2000
a № 6
v С. 43-50 : ил.
1 2101
d 2024
1 001RU/CBS_UL/BASE/4befdbf3c40a43a1b66e47029e09429e
606 Тематические рубрики 0_
a Основная рубрика Дерматология
610 Ключевые слова 0_
a Ключевые слова здоровье
610 Ключевые слова 0_
a Ключевые слова болезни
610 Ключевые слова 0_
a Ключевые слова розацеа
610 Ключевые слова 0_
a Ключевые слова дерматология
610 Ключевые слова 0_
a Ключевые слова заболевания кожи
610 Ключевые слова 0_
a Ключевые слова кожные заболевания
686 Индексы других классификаций __
2 Код системы rubbk
a Классификационный индекс 55.83
700 Автор _1
a Фамилия Новикова
b Имя (инициалы) Н.
801 Источник записи _0
a Страна RU
b Организация МБУК ЦБС г. Ульяновска
c Дата составления 20240804
g Правила каталогизации RCR
801 Источник записи _1
a Страна RU
b Организация МБУК ЦБС г. Ульяновска
c Дата составления 20240804
g Правила каталогизации RCR
901 Тип документа __
t Тип документа b
w Контрольный № источника RU/CBS_UL/BASE/4befdbf3c40a43a1b66e47029e09429e
909 Создатель записи __
a Создатель записи lib17